| 000 | 01600nam a2200373 i 4500 | ||
|---|---|---|---|
| 999 |
_c63807 _d63807 |
||
| 001 | 768717001 | ||
| 003 | CO-MdFUSB | ||
| 005 | 20210918063849.0 | ||
| 008 | 960603t1996 nyu b 001 0 eng d | ||
| 010 | _a95019320 | ||
| 020 |
_a0684825252 _q(pbk.) _c$16.00 |
||
| 020 | _a9780684825250 | ||
| 040 |
_aCO-MdFUSB _cCO-MdFUSB _dNVL _dNLGGC _bspa _erda |
||
| 041 | _aspa | ||
| 082 |
_222 _aG 306.3 _bF961t |
||
| 100 | 1 |
_aFukuyama, Francis. _eautor |
|
| 245 | 1 | 0 |
_aTrust : _bthe social virtues and the creation of prosperity. _c/ Francis Fukuyama. |
| 246 | 3 | 0 | _aSocial virtues and the creation of prosperity. |
| 250 | _a1st Free Press Paperback ed. | ||
| 264 | 1 |
_aNew York : _bFree Press Paperbacks, _c[1996] |
|
| 264 | 4 | _c© 1996 | |
| 300 |
_axv, 457 páginas ; _c25 cm. |
||
| 336 |
_2rdacontent _atexto _btxt |
||
| 337 |
_2rdamedia _asin mediación _bn |
||
| 338 |
_2rdacarrier _avolumen _bnc |
||
| 504 | _aIncluye referencias bibliográficas (páginas. 421-441) | ||
| 505 | 0 | _aLa idea de confianza: El poder improbable de la cultura en la formación de la sociedad económica. -- Sociedades de baja confianza y la paradoja de los valores familiares. -- Sociedades de alta confianza y el desafío de mantener la sociabilidad. -- La sociedad estadounidense y la crisis de confianza. -- Enriquecimiento de la confianza: combinando la cultura tradicional y las instituciones modernas en el siglo XXI. | |
| 563 | _aRústico | ||
| 650 | 7 |
_aÉtica social. _2 _9186 |
|
| 653 | _aEconomía -- Moral y aspectos éticos. | ||
| 653 | _aConfianza (Psicología). | ||
| 942 | _cBK | ||
| 945 | _aJTF-925 | ||